<?xml version="1.0" encoding="UTF-8"?>
<collection xmlns="http://www.loc.gov/MARC21/slim">
 <record>
  <leader>06686cam a2201249 c 4500</leader>
  <controlfield tag="001">161167851X</controlfield>
  <controlfield tag="003">DE-627</controlfield>
  <controlfield tag="005">20260206204648.0</controlfield>
  <controlfield tag="007">tu</controlfield>
  <controlfield tag="008">961230s1996    gw |||||      00| ||ger c</controlfield>
  <datafield tag="015" ind1=" " ind2=" ">
   <subfield code="a">96,N37,0004</subfield>
   <subfield code="2">dnb</subfield>
  </datafield>
  <datafield tag="015" ind1=" " ind2=" ">
   <subfield code="a">96,N37,0004</subfield>
   <subfield code="2">dnb</subfield>
  </datafield>
  <datafield tag="016" ind1="7" ind2=" ">
   <subfield code="a">948380241</subfield>
   <subfield code="2">DE-101</subfield>
  </datafield>
  <datafield tag="020" ind1=" " ind2=" ">
   <subfield code="a">3786118892</subfield>
  </datafield>
  <datafield tag="035" ind1=" " ind2=" ">
   <subfield code="a">(DE-627)161167851X</subfield>
  </datafield>
  <datafield tag="035" ind1=" " ind2=" ">
   <subfield code="a">(DE-603)050733362</subfield>
  </datafield>
  <datafield tag="035" ind1=" " ind2=" ">
   <subfield code="a">(DE-576)056381689</subfield>
  </datafield>
  <datafield tag="035" ind1=" " ind2=" ">
   <subfield code="a">(DE-599)DNB948380241</subfield>
  </datafield>
  <datafield tag="035" ind1=" " ind2=" ">
   <subfield code="a">(OCoLC)75782783</subfield>
  </datafield>
  <datafield tag="035" ind1=" " ind2=" ">
   <subfield code="a">(OCoLC)75782783</subfield>
  </datafield>
  <datafield tag="040" ind1=" " ind2=" ">
   <subfield code="a">DE-627</subfield>
   <subfield code="b">ger</subfield>
   <subfield code="c">DE-627</subfield>
   <subfield code="e">rakwb</subfield>
  </datafield>
  <datafield tag="041" ind1=" " ind2=" ">
   <subfield code="a">ger</subfield>
  </datafield>
  <datafield tag="044" ind1=" " ind2=" ">
   <subfield code="c">XA-DE-BE</subfield>
   <subfield code="c">XA-DE</subfield>
  </datafield>
  <datafield tag="082" ind1="0" ind2=" ">
   <subfield code="a">069.53</subfield>
  </datafield>
  <datafield tag="084" ind1=" " ind2=" ">
   <subfield code="a">02</subfield>
   <subfield code="2">sdnb</subfield>
  </datafield>
  <datafield tag="084" ind1=" " ind2=" ">
   <subfield code="a">02</subfield>
   <subfield code="a">38</subfield>
   <subfield code="a">37</subfield>
   <subfield code="2">sdnb</subfield>
  </datafield>
  <datafield tag="084" ind1=" " ind2=" ">
   <subfield code="a">9,10</subfield>
   <subfield code="a">1</subfield>
   <subfield code="2">ssgn</subfield>
  </datafield>
  <datafield tag="084" ind1=" " ind2=" ">
   <subfield code="a">24,1</subfield>
   <subfield code="2">ssgn</subfield>
  </datafield>
  <datafield tag="084" ind1=" " ind2=" ">
   <subfield code="a">LE 3650</subfield>
   <subfield code="2">rvk</subfield>
   <subfield code="0">(DE-625)rvk/90736:</subfield>
  </datafield>
  <datafield tag="084" ind1=" " ind2=" ">
   <subfield code="a">LR 57250</subfield>
   <subfield code="2">rvk</subfield>
   <subfield code="0">(DE-625)rvk/109861:</subfield>
  </datafield>
  <datafield tag="084" ind1=" " ind2=" ">
   <subfield code="a">LH 29960</subfield>
   <subfield code="2">rvk</subfield>
   <subfield code="0">(DE-625)rvk/92951:</subfield>
  </datafield>
  <datafield tag="084" ind1=" " ind2=" ">
   <subfield code="a">AK 87100</subfield>
   <subfield code="2">rvk</subfield>
   <subfield code="0">(DE-625)rvk/2721:</subfield>
  </datafield>
  <datafield tag="084" ind1=" " ind2=" ">
   <subfield code="a">02.30</subfield>
   <subfield code="2">bkl</subfield>
  </datafield>
  <datafield tag="084" ind1=" " ind2=" ">
   <subfield code="a">50.17</subfield>
   <subfield code="2">bkl</subfield>
  </datafield>
  <datafield tag="090" ind1=" " ind2=" ">
   <subfield code="a">a</subfield>
  </datafield>
  <datafield tag="100" ind1="1" ind2=" ">
   <subfield code="a">Hilbert, Günter S.</subfield>
   <subfield code="d">1923-2013</subfield>
   <subfield code="0">(DE-588)172137705</subfield>
   <subfield code="0">(DE-627)697052281</subfield>
   <subfield code="0">(DE-576)133009661</subfield>
   <subfield code="4">aut</subfield>
  </datafield>
  <datafield tag="245" ind1="1" ind2="0">
   <subfield code="a">Sammlungsgut in Sicherheit</subfield>
   <subfield code="b">Beleuchtung und Lichtschutz, Klimatisierung, Sicherungstechnik, Brandschutz</subfield>
   <subfield code="c">Günter S. Hilbert. Unter Mitarb. von Barbara Fischer und Klaus Bleker</subfield>
  </datafield>
  <datafield tag="250" ind1=" " ind2=" ">
   <subfield code="a">2., vollst. überarb. und erw. Aufl.</subfield>
  </datafield>
  <datafield tag="264" ind1=" " ind2="1">
   <subfield code="a">Berlin</subfield>
   <subfield code="b">Gebr. Mann</subfield>
   <subfield code="c">1996</subfield>
  </datafield>
  <datafield tag="300" ind1=" " ind2=" ">
   <subfield code="a">XVI, 426 S.</subfield>
   <subfield code="b">Ill., graph. Darst.</subfield>
  </datafield>
  <datafield tag="336" ind1=" " ind2=" ">
   <subfield code="a">Text</subfield>
   <subfield code="b">txt</subfield>
   <subfield code="2">rdacontent</subfield>
  </datafield>
  <datafield tag="337" ind1=" " ind2=" ">
   <subfield code="a">ohne Hilfsmittel zu benutzen</subfield>
   <subfield code="b">n</subfield>
   <subfield code="2">rdamedia</subfield>
  </datafield>
  <datafield tag="338" ind1=" " ind2=" ">
   <subfield code="a">Band</subfield>
   <subfield code="b">nc</subfield>
   <subfield code="2">rdacarrier</subfield>
  </datafield>
  <datafield tag="490" ind1="1" ind2=" ">
   <subfield code="a">Berliner Schriften zur Museumskunde</subfield>
   <subfield code="v">1</subfield>
  </datafield>
  <datafield tag="500" ind1=" " ind2=" ">
   <subfield code="a">Literaturangaben</subfield>
  </datafield>
  <datafield tag="505" ind1="8" ind2=" ">
   <subfield code="a">Literaturangaben</subfield>
  </datafield>
  <datafield tag="520" ind1=" " ind2=" ">
   <subfield code="a">Sammlungsgut in Sicherheit : Beleuchtung und Lichtschutz, Klimatisierung, Sicherungstechnik, Brandschutz / Günter S. Hilbert. Unter Mitarb. von Barbara Fischer und Klaus Bleker</subfield>
  </datafield>
  <datafield tag="583" ind1="1" ind2=" ">
   <subfield code="a">Archivierung/Langzeitarchivierung gewährleistet</subfield>
   <subfield code="f">SSG</subfield>
   <subfield code="x">XA-DE-BW</subfield>
   <subfield code="2">pdager</subfield>
   <subfield code="5">DE-21</subfield>
  </datafield>
  <datafield tag="583" ind1="1" ind2=" ">
   <subfield code="a">Archivierung/Langzeitarchivierung gewährleistet</subfield>
   <subfield code="f">SSG</subfield>
   <subfield code="x">XA-DE-BW</subfield>
   <subfield code="2">pdager</subfield>
   <subfield code="5">DE-16</subfield>
  </datafield>
  <datafield tag="650" ind1="0" ind2="7">
   <subfield code="0">(DE-588)4131892-4</subfield>
   <subfield code="0">(DE-627)105691755</subfield>
   <subfield code="0">(DE-576)209631066</subfield>
   <subfield code="a">Museumsbestand</subfield>
   <subfield code="2">gnd</subfield>
  </datafield>
  <datafield tag="650" ind1="0" ind2="7">
   <subfield code="0">(DE-588)4194242-5</subfield>
   <subfield code="0">(DE-627)105221007</subfield>
   <subfield code="0">(DE-576)210092726</subfield>
   <subfield code="a">Umgebungseinfluss</subfield>
   <subfield code="2">gnd</subfield>
  </datafield>
  <datafield tag="650" ind1="0" ind2="7">
   <subfield code="0">(DE-588)4129964-4</subfield>
   <subfield code="0">(DE-627)10570606X</subfield>
   <subfield code="0">(DE-576)209614927</subfield>
   <subfield code="a">Bestandserhaltung</subfield>
   <subfield code="2">gnd</subfield>
  </datafield>
  <datafield tag="650" ind1="0" ind2="7">
   <subfield code="0">(DE-588)4059205-4</subfield>
   <subfield code="0">(DE-627)104409606</subfield>
   <subfield code="0">(DE-576)209129956</subfield>
   <subfield code="a">Technik</subfield>
   <subfield code="2">gnd</subfield>
  </datafield>
  <datafield tag="650" ind1="0" ind2="7">
   <subfield code="0">(DE-588)4114333-4</subfield>
   <subfield code="0">(DE-627)105822957</subfield>
   <subfield code="0">(DE-576)209483733</subfield>
   <subfield code="a">Kunst</subfield>
   <subfield code="2">gnd</subfield>
  </datafield>
  <datafield tag="650" ind1="0" ind2="7">
   <subfield code="0">(DE-588)4040795-0</subfield>
   <subfield code="0">(DE-627)106221485</subfield>
   <subfield code="0">(DE-576)209042311</subfield>
   <subfield code="a">Museum</subfield>
   <subfield code="2">gnd</subfield>
  </datafield>
  <datafield tag="650" ind1="0" ind2="7">
   <subfield code="0">(DE-588)4054790-5</subfield>
   <subfield code="0">(DE-627)106161075</subfield>
   <subfield code="0">(DE-576)209110589</subfield>
   <subfield code="a">Sicherheit</subfield>
   <subfield code="2">gnd</subfield>
  </datafield>
  <datafield tag="650" ind1=" " ind2="4">
   <subfield code="a">Beleuchtung</subfield>
  </datafield>
  <datafield tag="650" ind1=" " ind2="4">
   <subfield code="a">Brandschutz, Beleuchtungsstärke, Feuchteschutz, Feuerwehr, Beleuchtungsanlage, Beleuchtungstechnik, Sicherungstechnik, Lüftung, Überwachung, Tageslicht, Wärmeentwicklung, Luftfeuchte, Planung, Raumklimagerät, Wärmeübertragung</subfield>
  </datafield>
  <datafield tag="689" ind1="0" ind2="0">
   <subfield code="d">s</subfield>
   <subfield code="0">(DE-588)4131892-4</subfield>
   <subfield code="0">(DE-627)105691755</subfield>
   <subfield code="0">(DE-576)209631066</subfield>
   <subfield code="a">Museumsbestand</subfield>
   <subfield code="2">gnd</subfield>
  </datafield>
  <datafield tag="689" ind1="0" ind2="1">
   <subfield code="d">s</subfield>
   <subfield code="0">(DE-588)4194242-5</subfield>
   <subfield code="0">(DE-627)105221007</subfield>
   <subfield code="0">(DE-576)210092726</subfield>
   <subfield code="a">Umgebungseinfluss</subfield>
   <subfield code="2">gnd</subfield>
  </datafield>
  <datafield tag="689" ind1="0" ind2="2">
   <subfield code="d">s</subfield>
   <subfield code="0">(DE-588)4129964-4</subfield>
   <subfield code="0">(DE-627)10570606X</subfield>
   <subfield code="0">(DE-576)209614927</subfield>
   <subfield code="a">Bestandserhaltung</subfield>
   <subfield code="2">gnd</subfield>
  </datafield>
  <datafield tag="689" ind1="0" ind2="3">
   <subfield code="d">s</subfield>
   <subfield code="0">(DE-588)4059205-4</subfield>
   <subfield code="0">(DE-627)104409606</subfield>
   <subfield code="0">(DE-576)209129956</subfield>
   <subfield code="a">Technik</subfield>
   <subfield code="2">gnd</subfield>
  </datafield>
  <datafield tag="689" ind1="0" ind2=" ">
   <subfield code="5">DE-101</subfield>
  </datafield>
  <datafield tag="689" ind1="1" ind2="0">
   <subfield code="d">s</subfield>
   <subfield code="0">(DE-588)4131892-4</subfield>
   <subfield code="0">(DE-627)105691755</subfield>
   <subfield code="0">(DE-576)209631066</subfield>
   <subfield code="a">Museumsbestand</subfield>
   <subfield code="2">gnd</subfield>
  </datafield>
  <datafield tag="689" ind1="1" ind2="1">
   <subfield code="d">s</subfield>
   <subfield code="0">(DE-588)4194242-5</subfield>
   <subfield code="0">(DE-627)105221007</subfield>
   <subfield code="0">(DE-576)210092726</subfield>
   <subfield code="a">Umgebungseinfluss</subfield>
   <subfield code="2">gnd</subfield>
  </datafield>
  <datafield tag="689" ind1="1" ind2="2">
   <subfield code="d">s</subfield>
   <subfield code="0">(DE-588)4129964-4</subfield>
   <subfield code="0">(DE-627)10570606X</subfield>
   <subfield code="0">(DE-576)209614927</subfield>
   <subfield code="a">Bestandserhaltung</subfield>
   <subfield code="2">gnd</subfield>
  </datafield>
  <datafield tag="689" ind1="1" ind2="3">
   <subfield code="d">s</subfield>
   <subfield code="0">(DE-588)4059205-4</subfield>
   <subfield code="0">(DE-627)104409606</subfield>
   <subfield code="0">(DE-576)209129956</subfield>
   <subfield code="a">Technik</subfield>
   <subfield code="2">gnd</subfield>
  </datafield>
  <datafield tag="689" ind1="1" ind2=" ">
   <subfield code="5">(DE-627)</subfield>
  </datafield>
  <datafield tag="700" ind1="1" ind2=" ">
   <subfield code="8">1\p</subfield>
   <subfield code="a">Fischer, Barbara</subfield>
   <subfield code="0">(DE-588)105664673X</subfield>
   <subfield code="0">(DE-627)79489044X</subfield>
   <subfield code="0">(DE-576)412245612</subfield>
   <subfield code="4">oth</subfield>
  </datafield>
  <datafield tag="700" ind1="1" ind2=" ">
   <subfield code="a">Bleker, Klaus</subfield>
   <subfield code="0">(DE-588)171980263</subfield>
   <subfield code="0">(DE-627)696876000</subfield>
   <subfield code="0">(DE-576)132857049</subfield>
   <subfield code="4">oth</subfield>
  </datafield>
  <datafield tag="710" ind1="2" ind2=" ">
   <subfield code="a">Institut für Museumskunde</subfield>
   <subfield code="0">(DE-588)2123177-1</subfield>
   <subfield code="0">(DE-627)101750048</subfield>
   <subfield code="0">(DE-576)194143759</subfield>
   <subfield code="4">oth</subfield>
  </datafield>
  <datafield tag="780" ind1="0" ind2="0">
   <subfield code="i">1. Aufl. in zwei Bd. u.d.T.</subfield>
   <subfield code="a">Hilbert, Günter S.: Sammlungsgut in Sicherheit</subfield>
  </datafield>
  <datafield tag="787" ind1="0" ind2="8">
   <subfield code="i">Rezensiert in</subfield>
   <subfield code="a">Becker, Wolfram</subfield>
   <subfield code="t">[Rezension von: Barbara Fischer, Brandschutz in Museen]</subfield>
   <subfield code="d">Braubach : Europäisches Burgeninstitut, 1997</subfield>
   <subfield code="w">(DE-627)1914593944</subfield>
  </datafield>
  <datafield tag="830" ind1=" " ind2="0">
   <subfield code="a">Berliner Schriften zur Museumskunde</subfield>
   <subfield code="v">1</subfield>
   <subfield code="9">1.1996</subfield>
   <subfield code="w">(DE-627)130300136</subfield>
   <subfield code="w">(DE-576)013583735</subfield>
   <subfield code="w">(DE-600)581235-5</subfield>
   <subfield code="7">am</subfield>
  </datafield>
  <datafield tag="856" ind1="4" ind2="2">
   <subfield code="u">http://www.gbv.de/dms/hebis-darmstadt/toc/50733362.pdf</subfield>
   <subfield code="m">V:DE-603</subfield>
   <subfield code="m">B:DE-17</subfield>
   <subfield code="q">pdf/application</subfield>
   <subfield code="x">Verlag</subfield>
   <subfield code="y">Inhaltsverzeichnis</subfield>
   <subfield code="3">Inhaltsverzeichnis</subfield>
   <subfield code="7">1</subfield>
  </datafield>
  <datafield tag="856" ind1="4" ind2="2">
   <subfield code="u">http://scans.hebis.de/HEBCGI/show.pl?05073336_toc.pdf</subfield>
   <subfield code="m">V:DE-603;B:DE-17</subfield>
   <subfield code="q">application/pdf</subfield>
   <subfield code="3">Inhaltsverzeichnis</subfield>
   <subfield code="7">1</subfield>
  </datafield>
  <datafield tag="883" ind1=" " ind2=" ">
   <subfield code="8">1\p</subfield>
   <subfield code="a">cgwrk</subfield>
   <subfield code="d">20241001</subfield>
   <subfield code="q">DE-101</subfield>
   <subfield code="u">https://d-nb.info/provenance/plan#cgwrk</subfield>
  </datafield>
  <datafield tag="889" ind1=" " ind2=" ">
   <subfield code="w">(DE-576)478218281</subfield>
  </datafield>
  <datafield tag="889" ind1=" " ind2=" ">
   <subfield code="w">(DE-627)658987895</subfield>
  </datafield>
  <datafield tag="889" ind1=" " ind2=" ">
   <subfield code="w">(DE-627)214925986</subfield>
  </datafield>
  <datafield tag="935" ind1=" " ind2=" ">
   <subfield code="a">mteo</subfield>
   <subfield code="a">RFBW</subfield>
  </datafield>
  <datafield tag="935" ind1=" " ind2=" ">
   <subfield code="i">mdedup</subfield>
  </datafield>
  <datafield tag="935" ind1=" " ind2=" ">
   <subfield code="i">sf</subfield>
  </datafield>
  <datafield tag="935" ind1=" " ind2=" ">
   <subfield code="h">HEB</subfield>
   <subfield code="i">0501</subfield>
  </datafield>
  <datafield tag="935" ind1=" " ind2=" ">
   <subfield code="h">HEB</subfield>
   <subfield code="i">0503</subfield>
  </datafield>
  <datafield tag="936" ind1="r" ind2="v">
   <subfield code="a">LE 3650</subfield>
   <subfield code="b">Museumswesen, Konservierung der Denkmäler</subfield>
   <subfield code="k">Klassische Archäologie</subfield>
   <subfield code="k">Systematik und Geschichte des Faches</subfield>
   <subfield code="k">Museumswesen, Konservierung der Denkmäler</subfield>
   <subfield code="0">(DE-627)1271603594</subfield>
   <subfield code="0">(DE-625)rvk/90736:</subfield>
   <subfield code="0">(DE-576)201603594</subfield>
  </datafield>
  <datafield tag="936" ind1="r" ind2="v">
   <subfield code="a">LR 57250</subfield>
   <subfield code="b">Museen, Sammlungen, Ausstellungen</subfield>
   <subfield code="k">Musikwissenschaft</subfield>
   <subfield code="k">I. Musica theoretica</subfield>
   <subfield code="k">Sachteil: Musica theoretica (einschl. Realien mit geographischem Bezug)</subfield>
   <subfield code="k">Musikalische Institutionen</subfield>
   <subfield code="k">Museen, Sammlungen, Ausstellungen</subfield>
   <subfield code="0">(DE-627)1270881981</subfield>
   <subfield code="0">(DE-625)rvk/109861:</subfield>
   <subfield code="0">(DE-576)200881981</subfield>
  </datafield>
  <datafield tag="936" ind1="r" ind2="v">
   <subfield code="a">LH 29960</subfield>
   <subfield code="b">Museumskunde, Museumsgeschichte (allgemein)</subfield>
   <subfield code="k">Kunstgeschichte</subfield>
   <subfield code="k">Allgemeines. Allgemeine Kunstgeschichte</subfield>
   <subfield code="k">Museumskunde. Museumskataloge</subfield>
   <subfield code="k">Museumskunde, Museumsgeschichte (allgemein)</subfield>
   <subfield code="0">(DE-627)1270644238</subfield>
   <subfield code="0">(DE-625)rvk/92951:</subfield>
   <subfield code="0">(DE-576)200644238</subfield>
  </datafield>
  <datafield tag="936" ind1="r" ind2="v">
   <subfield code="a">AK 87100</subfield>
   <subfield code="b">Schutz, Bewahren</subfield>
   <subfield code="k">Allgemeines</subfield>
   <subfield code="k">Museumswesen, Museologie, Museumswissenschaft</subfield>
   <subfield code="k">Bestandspflege</subfield>
   <subfield code="k">Schutz, Bewahren</subfield>
   <subfield code="0">(DE-627)1270658085</subfield>
   <subfield code="0">(DE-625)rvk/2721:</subfield>
   <subfield code="0">(DE-576)200658085</subfield>
  </datafield>
  <datafield tag="936" ind1="b" ind2="k">
   <subfield code="a">02.30</subfield>
   <subfield code="j">Museumskunde</subfield>
   <subfield code="0">(DE-627)106403192</subfield>
  </datafield>
  <datafield tag="936" ind1="b" ind2="k">
   <subfield code="a">50.17</subfield>
   <subfield code="j">Sicherheitstechnik</subfield>
   <subfield code="0">(DE-627)106419390</subfield>
  </datafield>
  <datafield tag="936" ind1="s" ind2="n">
   <subfield code="a">a100</subfield>
   <subfield code="2">mzub</subfield>
  </datafield>
  <datafield tag="936" ind1="s" ind2="n">
   <subfield code="a">l300</subfield>
   <subfield code="2">mzub</subfield>
  </datafield>
  <datafield tag="936" ind1="s" ind2="n">
   <subfield code="a">a200</subfield>
   <subfield code="2">mzub</subfield>
  </datafield>
  <datafield tag="936" ind1="s" ind2="n">
   <subfield code="a">z220</subfield>
   <subfield code="2">mzub</subfield>
  </datafield>
  <datafield tag="936" ind1="s" ind2="n">
   <subfield code="a">z250</subfield>
   <subfield code="2">mzub</subfield>
  </datafield>
  <datafield tag="951" ind1=" " ind2=" ">
   <subfield code="a">BO</subfield>
  </datafield>
  <datafield tag="990" ind1=" " ind2=" ">
   <subfield code="a">Museumsbestand</subfield>
  </datafield>
  <datafield tag="990" ind1=" " ind2=" ">
   <subfield code="a">Umgebungseinfluss</subfield>
  </datafield>
  <datafield tag="990" ind1=" " ind2=" ">
   <subfield code="a">Bestandserhaltung</subfield>
  </datafield>
  <datafield tag="990" ind1=" " ind2=" ">
   <subfield code="a">Technik</subfield>
  </datafield>
  <datafield tag="990" ind1=" " ind2=" ">
   <subfield code="a">Museumsbestand</subfield>
  </datafield>
  <datafield tag="990" ind1=" " ind2=" ">
   <subfield code="a">Umgebungseinfluss</subfield>
  </datafield>
  <datafield tag="990" ind1=" " ind2=" ">
   <subfield code="a">Bestandserhaltung</subfield>
  </datafield>
  <datafield tag="990" ind1=" " ind2=" ">
   <subfield code="a">Technik</subfield>
  </datafield>
  <datafield tag="991" ind1=" " ind2=" ">
   <subfield code="a">Rezensiertes Werk</subfield>
  </datafield>
  <datafield tag="999" ind1=" " ind2=" ">
   <subfield code="a">KXP-PPN161167851X</subfield>
   <subfield code="e">4916003292</subfield>
  </datafield>
 </record>
</collection>
